Find the UK Political Parties Quiz Stats

 Plays Quiz Updated Jul 26, 2017

Support Sporcle.
Go Orange.
Score 0/12 Timer 01:30
0 Plays Today
% Correct
Green Party
87.2%
Sinn Féin
84.7%
Labour Party
78.6%
Liberal Democrats
73.4%
UKIP
72.6%
Conservative Party
67.7%
Ulster Unionist Party
61.9%
Scottish National Party
60.3%
Co-operative
60.2%
Plaid Cymru
59.7%
DUP
49.5%
SDLP
49.3%

You're not logged in!

Compare scores with friends on all Sporcle quizzes.
OR
Log In
Forgot?

From the Vault

NBA Top 200 Scorers (2012-13)

by Feely

Boom, we put it in the hoop like slam!
Remove Ads.
Support Sporcle.
Get the best of Sporcle when you Go Orange. This ad-free experience offers more features, more stats, and more fun while also helping to support Sporcle. Thank you for becoming a member.

Show Comments

Extras

Top Quizzes Today


Score Distribution

Your Account Isn't Verified!

In order to create a playlist on Sporcle, you need to verify the email address you used during registration. Go to your Sporcle Settings to finish the process.

Report this User

Report this user for behavior that violates our Community Guidelines.

Details: